[Event "GEO World Cup-A U12 Girls"]
[Site "Batumi"]
[Date "2024.06.25"]
[Round "3"]
[White "Xue, Tianhao"]
[Black "Mamakova, Aknur"]
[Result "1-0"]
[WhiteElo "1754"]
[BlackElo "1648"]
[PlyCount "99"]
[EventDate "2024.06.23"]
[EventType "swiss"]
[EventRounds "7"]
[EventCountry "GEO"]
[SourceTitle "EXT 2025"]
[Source "ChessBase"]
[SourceDate "2024.10.14"]
[SourceVersion "1"]
[SourceVersionDate "2024.10.14"]
[SourceQuality "1"]

1. e4 c5 2. Nf3 d6 3. d4 cxd4 4. Nxd4 Nf6 5. Nc3 g6 6. Be3 Bg7 7. f3 0-0 8. Qd2 Nc6 9. 0-0-0 d5 10. exd5 Nxd5 11. Nxc6 bxc6 12. Bd4 e5 13. Bc5 Re8 14. Ne4 Qc7 15. h4 f5 16. Nd6 Rd8 17. Nxc8 Raxc8 18. h5 Nb6 19. Bxb6 Rxd2 20. Bc4+ Kf8 21. Bxc7 Rxd1+ 22. Rxd1 Rxc7 23. hxg6 hxg6 24. Rd6 Bh6+ 25. Kb1 Kg7 26. c3 Bf4 27. Kc2 Kh6 28. b4 Kh5 29. a4 e4 30. Re6 exf3 31. gxf3 Bh2 32. Bd3 c5 33. b5 Bg1 34. Kb3 Rd7 35. Kc4 Bf2 36. a5 Rf7 37. a6 Kg5 38. b6 axb6 39. Rxb6 Ra7 40. Be2 Re7 41. Bd1 Rd7 42. Ba4 Ra7 43. Bc6 Kf4 44. Bb7 g5 45. Rf6 Bg1 46. Rf8 g4 47. fxg4 Kxg4 48. Ra8 Rxa8 49. Bxa8 Bh2 50. a7 1-0